Sports Quiz

Random Sports or Tennis Quiz

2011 ATP Tour Champions Quiz Stats

Quiz not verified by Sporcle

Challenge
Share
Tweet
Embed
Score 0/64 Timer 10:00
0 Plays Today
Tournament Champion % Correct
Monte Carlo, Monaco - MASTERSRafael Nadal
99.2%
Barcelona, SpainRafael Nadal
99.2%
FRENCH OPENRafael Nadal
99.2%
Doha, QatarRoger Federer
99.1%
Paris, France - MASTERSRoger Federer
99%
AUSTRALIAN OPENNovak Djokovic
98.4%
Dubai, UAENovak Djokovic
98.4%
Indian Wells, California, USA - MASTERSNovak Djokovic
98.4%
Miami, Florida, USA - MASTERSNovak Djokovic
98.4%
Belgrade, SerbiaNovak Djokovic
98.4%
Madrid, Spain - MASTERSNovak Djokovic
98.4%
Rome, Italy - MASTERSNovak Djokovic
98.4%
WIMBLEDONNovak Djokovic
98.4%
Montreal, Canada - MASTERSNovak Djokovic
98.4%
U.S. OPENNovak Djokovic
98.4%
Basel, SwitzerlandRoger Federer
97.2%
London, England, UKAndy Murray
96.5%
Cincinnati, Ohio, USA - MASTERSAndy Murray
96.5%
Bangkok, ThailandAndy Murray
95.1%
Tokyo, JapanAndy Murray
95.1%
Shanghai, China - MASTERSAndy Murray
94.8%
Auckland, New ZealandDavid Ferrer
93.9%
Acapulco, MexicoDavid Ferrer
93.9%
Metz, FranceJo-Wilfried Tsonga
91.8%
Vienna, AustriaJo-Wilfried Tsonga
91.5%
Memphis, Tennessee, USAAndy Roddick
91.1%
Atlanta, Georgia, USAMardy Fish
90%
Stockholm, SwedenGael Monfils
87.2%
St. Petersburg, RussiaMarin Cilic
84.1%
Kuala Lumpur, MalaysiaJanko Tipsarevic
81.8%
Moscow, RussiaJanko Tipsarevic
81.6%
Newport, Rhode Island, USAJohn Isner
81.6%
Tournament Champion % Correct
Winston-Salem, North Carolina, USAJohn Isner
81.6%
Delray Beach, Florida, USAJuan Martin del Potro
77.5%
Estoril, PortugalJuan Martin del Potro
77.5%
Costa do Sauipe, BrazilNicolas Almagro
74.3%
Buenos Aires, ArgentinaNicolas Almagro
74.3%
Nice, FranceNicolas Almagro
74.3%
San Jose, California, USAMilos Raonic
65.6%
Beijing, ChinaTomas Berdych
65%
Munich, GermanyNikolay Davydenko
63.5%
Zagreb, CroatiaIvan Dodig
62.1%
Umag, CroatiaAlexandr Dolgopolov
61.9%
Brisbane, AustraliaRobin Soderling
61.8%
Rotterdam, NetherlandsRobin Soderling
61.8%
Marseille, FranceRobin Soderling
61.8%
Bastad, SwedenRobin Soderling
61.8%
Bucharest, RomaniaFlorian Mayer
60.6%
Sydney, AustraliaGiles Simon
56%
Hamburg, GermanyGiles Simon
56%
Chennai, IndiaStanislas Wawrinka
52.8%
Casablanca, MoroccoPablo Andujar
50.8%
Stuttgart, GermanyJuan Carlos Ferrero
42%
Halle, GermanyPhilipp Kohlschreiber
39.4%
Johannesburg, South AfricaKevin Anderson
36.1%
Washington D.C., USARadek Stepanek
30.6%
Eastbourne, England, UKAndreas Seppi
28.7%
Gstaad, SwitzerlandMarcel Granollers
28.2%
Santiago, ChileTommy Robredo
28%
Valencia, SpainMarcel Granollers
28%
Los Angeles, California, USAErnests Gulbis
25.9%
Kitzbuhel, AustriaRobin Haase
23.5%
's-Hertogenbosch, NetherlandsDmitry Tursunov
15.3%
Houston, Texas, USARyan Sweeting
13.6%

You're not logged in!

Compare scores with friends on all Sporcle quizzes.
Sign Up with Email
OR
Log In

You Might Also Like...

Show Comments

Extras

Top Quizzes Today


Score Distribution

Your Account Isn't Verified!

In order to create a playlist on Sporcle, you need to verify the email address you used during registration. Go to your Sporcle Settings to finish the process.